| 000 | 00673nam a22001937a 4500 | ||
|---|---|---|---|
| 999 |
_c342368 _d342368 |
||
| 003 | NUST | ||
| 005 | 20171222120520.0 | ||
| 008 | 150410b xxu||||| |||| 00| 0 eng d | ||
| 020 |
_a9698854002 _c9698373 |
||
| 040 | _c0 | ||
| 082 | _a297 HUS | ||
| 100 |
_92367 _aHussain,Iqbal S. |
||
| 245 |
_aThe Decline Of The Muslim Ummah. _cIqbal S Hussain |
||
| 260 |
_aLahore,Londan _bHumanity International _cc2004. |
||
| 300 | _a468p. : | ||
| 500 | _aH.B | ||
| 650 |
_92368 _aIslam _xGeneral |
||
| 942 |
_2ddc _cBK _kIESE |
||